<?xml version="1.0" encoding="UTF-8"?>
<record
    xmlns:xsi="http://www.w3.org/2001/XMLSchema-instance"
    xsi:schemaLocation="http://www.loc.gov/MARC21/slim http://www.loc.gov/standards/marcxml/schema/MARC21slim.xsd"
    xmlns="http://www.loc.gov/MARC21/slim">

  <leader>01499cam a2200289 a 4500</leader>
  <controlfield tag="001">14068099</controlfield>
  <controlfield tag="003">NUST</controlfield>
  <controlfield tag="005">20221229174647.0</controlfield>
  <controlfield tag="008">050809s2005    ii ab         001 0 eng  </controlfield>
  <datafield tag="010" ind1=" " ind2=" ">
    <subfield code="a">  2005385236</subfield>
  </datafield>
  <datafield tag="020" ind1=" " ind2=" ">
    <subfield code="a">8170492467</subfield>
  </datafield>
  <datafield tag="025" ind1=" " ind2=" ">
    <subfield code="a">I-E-2005-385236; 61-90; 62-90</subfield>
  </datafield>
  <datafield tag="037" ind1=" " ind2=" ">
    <subfield code="b">Library of Congress -- New Delhi Overseas Office</subfield>
    <subfield code="c">Rs495.00</subfield>
  </datafield>
  <datafield tag="040" ind1=" " ind2=" ">
    <subfield code="a">DLC</subfield>
    <subfield code="c">DLC</subfield>
  </datafield>
  <datafield tag="042" ind1=" " ind2=" ">
    <subfield code="a">lcode</subfield>
  </datafield>
  <datafield tag="043" ind1=" " ind2=" ">
    <subfield code="a">a-ii---</subfield>
  </datafield>
  <datafield tag="050" ind1="0" ind2="0">
    <subfield code="a">UA843.I6</subfield>
    <subfield code="b">S535 2005</subfield>
  </datafield>
  <datafield tag="082" ind1=" " ind2=" ">
    <subfield code="a">356.10954,SHO</subfield>
  </datafield>
  <datafield tag="100" ind1="1" ind2=" ">
    <subfield code="a">Shorey, Anil.</subfield>
    <subfield code="9">106441</subfield>
  </datafield>
  <datafield tag="245" ind1="1" ind2="2">
    <subfield code="a">A legendary force, 1st Patiala :</subfield>
    <subfield code="b">300 years of 15 Punjab (Patiala) /</subfield>
    <subfield code="c">Anil Shorey.</subfield>
  </datafield>
  <datafield tag="246" ind1="3" ind2=" ">
    <subfield code="a">Legendary force, First Patiala</subfield>
  </datafield>
  <datafield tag="260" ind1=" " ind2=" ">
    <subfield code="a">New Delhi :</subfield>
    <subfield code="b">Manas Publications,</subfield>
    <subfield code="c">c2005.</subfield>
  </datafield>
  <datafield tag="300" ind1=" " ind2=" ">
    <subfield code="a">235 p. :</subfield>
    <subfield code="b">ill. (some col.), col. maps ;</subfield>
    <subfield code="c">23 cm.</subfield>
  </datafield>
  <datafield tag="505" ind1=" " ind2=" ">
    <subfield code="a">Origin of Modern Indian Army (Page-17), The Inception of 1st Patiala (Page-27), The Maturing (page-30), New Shape and Conquests (Page-33), 1st Patiala during World War 1 (Page-42), Between the Wars (Page-70), The Patialas in World War II (Page-73), Operation in Jammu and Kashmir (1947-48) (Page-96), After the War (Page-152), Indo-Pak War -1971 (Page-156), The Post -1971 War Era (Page-169), Battle of Dalunang (Page-172), Towords Countering the Proxy War (Page-178),In the Western Sector (Page-202), Other Fronts (Page-205), Epilogue (Page-216), Index (Page-229). </subfield>
  </datafield>
  <datafield tag="610" ind1="1" ind2="0">
    <subfield code="a">India.</subfield>
    <subfield code="b">Army.</subfield>
    <subfield code="b">Punjab Regiment (Patiala), 15th</subfield>
    <subfield code="x">History.</subfield>
    <subfield code="9">106442</subfield>
  </datafield>
  <datafield tag="942" ind1=" " ind2=" ">
    <subfield code="2">ddc</subfield>
    <subfield code="c">BK</subfield>
    <subfield code="k">356.10954,SHO</subfield>
  </datafield>
  <datafield tag="999" ind1=" " ind2=" ">
    <subfield code="c">592848</subfield>
    <subfield code="d">592848</subfield>
  </datafield>
  <datafield tag="952" ind1=" " ind2=" ">
    <subfield code="0">0</subfield>
    <subfield code="1">0</subfield>
    <subfield code="2">ddc</subfield>
    <subfield code="4">0</subfield>
    <subfield code="7">0</subfield>
    <subfield code="a">MCS</subfield>
    <subfield code="b">MCS</subfield>
    <subfield code="c">GEN</subfield>
    <subfield code="d">2022-12-29</subfield>
    <subfield code="l">0</subfield>
    <subfield code="o">356.10954,SHO</subfield>
    <subfield code="p">MCS37613</subfield>
    <subfield code="r">2022-12-29</subfield>
    <subfield code="w">2022-12-29</subfield>
    <subfield code="y">BK</subfield>
    <subfield code="z">Almirah No.53, Shelf No.4</subfield>
  </datafield>
</record>
